000 00608 a2200181 4500
999 _c183311
_d183311
005 20211222161054.0
010 _aENG-130502
020 _a978-93-89811-57-5
_c220.00
035 _aEN-114034
037 _bDBAD/PUB
082 _a305.231
_b1
100 _akavindra, Ragini
245 _aCTET/TET: Child Development and Pedagogy:
_bNCERT/
_cRagini Kavindra
260 _aChennai
_bMcGraw Hill Education Private Limited
_c2020
270 _a444/1, Sri Ekambara Naicker Industrial Estate, Alapakkam
_bChennai
_e600116
300 _ax,216p.
_c22cm (pbk)
942 _adpl
_cEN
_2ddc
_h305.231
_mKAV